LEADER 02170cam0-2200481---450 001 990009812780403321 005 20210916144146.0 012 $aS.D. isus s.ut cres (3) 1829 (R)$2fei$5IT-NA0105: SG 880/B 84 (1) 012 $aA.DE inl- 7.e- lapa (3) 1829 (R)$2fei$5IT-NA0105: SG 880/B 84 (2) 035 $a000981278 035 $aFED01000981278 035 $a(Aleph)000981278FED01 035 $a000981278 100 $a20140121d1829----km-y0itay50------ba 101 2 $agrc$alat 102 $aDE 140 $aa-----------------bb0------- 200 1 $aGeorgius Syncellus et Nicephorus Cp. ex recensione Guilielmi Dindorfii. Volumen I.[-II.] 205 $aEditio emendatior et copiosior, consilio B.G. Niebuhrii C.F. instituta, opera eiusdem Niebuhrii, Imm. Bekkeri, L. Schopeni, G. et L. Dindorfiorum aliorumque philologorum parata 210 $aBonnae$cimpensis ed. Weberi$d1829 215 $a2 v.$d4° 225 1 $aCorpus scriptorum historiae Byzantinae 307 $aSegn.: ?? ²?¹ 1-49? 50² (v. 1) 307 $aSegn.: ?² 1-36? 37? 38? (v. 2) 307 $a1.: VIII, [2], 788 p. ; 2.: [4], 595, [1] p. 500 10$aChronographia$m$949579 620 $aGermania.$dBonn 676 $a907.2$v22$zita 676 $a888.02$v22$zita 700 0$aGeorgius Syncellus$f<8./9. saec.>$0436681 701 0$aNicephorus Constantinopolitanus$d1.$f<806-815/828>$0413074 702 1$aNiebuhr,$bBarthold Georg$f<1776-1831> 702 1$aDindorf,$bWilhelm$f<1802-1883> 801 0$aIT$bUNINA$gRICA$2UNIMARC 856 4 $zVisualizza la versione elettronica in SBNWeb$uhttps://books.google.it/books?id=i5DVjM-ixx0C&printsec=frontcover&hl=it&source=gbs_ge_summary_r&cad=0#v=onepage&q&f=false$e20210916 856 4 $zVisualizza la versione elettronica in SBNWeb$uhttps://books.google.it/books?id=l-7RHlTLmGMC&printsec=frontcover&hl=it&source=gbs_ge_summary_r&cad=0#v=onepage&q&f=false$e20210916 901 $aAQ 912 $a990009812780403321 952 $aSG 880/B 84 (1)$b3938 bibl.$fFLFBC 952 $aSG 880/B 84 (2)$b3938 bibl.$fFLFBC 959 $aFLFBC 996 $aChronographia$949579 997 $aUNINA LEADER 01589nam 2200409 450 001 9910713950603321 005 20201014105622.0 035 $a(CKB)5470000002506157 035 $a(OCoLC)1200232196 035 $a(EXLCZ)995470000002506157 100 $a20201014d2020 ua 0 101 0 $aeng 135 $aur||||||||||| 181 $ctxt$2rdacontent 182 $cc$2rdamedia 183 $acr$2rdacarrier 200 10$aADMS testbed - use cases /$fSantosh Veda 210 1$a[Golden, Colo.] :$cNational Renewable Energy Laboratory,$d2020. 215 $a1 online resource (43 pages) $ccolor illustrations 225 1 $aNREL/PR ;$v5D00-72739 300 $aSlideshow presentation. 300 $a"ADMS testbed workshop, Sept. 25-26, NREL." 300 $a"Funding provided by the U.S. Department of Energy Office of Electricity Delivery and Energy Reliability"--Page 4 of cover. 517 3 $aAdvanced distribution management system testbed - use cases 606 $aElectric power distribution$zUnited States$xComputer simulation 606 $aElectric power distribution$zUnited States$xComputer programs 615 0$aElectric power distribution$xComputer simulation. 615 0$aElectric power distribution$xComputer programs. 700 $aVeda$b Santosh$01397889 712 02$aNational Renewable Energy Laboratory (U.S.), 712 02$aUnited States.$bOffice of Electricity Delivery & Energy Reliability, 801 0$bGPO 801 1$bGPO 906 $aBOOK 912 $a9910713950603321 996 $aADMS testbed - use cases$93460161 997 $aUNINA